| 000 | 00349nam a2200145Ia 4500 | ||
|---|---|---|---|
| 008 | 150201s2001 xx 000 0 und d | ||
| 082 |
_a616.8 _bN01U |
||
| 100 | _aUMPHRED , DARCY A. | ||
| 245 | _aNEUROLOGICAL REHABILITATION | ||
| 250 | _a4TH | ||
| 260 |
_bMOSBY _aMISSOURI _c2001 |
||
| 300 | _a1-1050 | ||
| 650 | _aREHABILITATION | ||
| 942 |
_2ddc _cBK |
||
| 999 |
_c1508 _d1508 |
||